Meadows in the sea /

Bibliographic Details
Main Author: Malkus, Alida, 1895-
Format: Book
Language:English
Published: Cleveland : World, [1960]
Subjects:

MARC

Tag First Indicator Second Indicator Subfields
LEADER 00000cam a2200000 4500
001 in00000047479
005 20151007071517.0
008 740829s1960 ohua j 00000 eng u
010 |a  60007202  
035 |a (OCoLC)00992502 
035 |9 AAE6101AM 
040 |c VTU  |d TXA  |d UtOrBLW 
049 |a TXAM  |c [324421] 
050 0 |a QH91  |b .M24 
090 |a QH91  |b .M24 
092 |a 589.62  |b M251m, 1960 
100 1 |a Malkus, Alida,  |d 1895- 
245 1 0 |a Meadows in the sea /  |c Illustrated by Margaret Cosgrove. 
264 1 |a Cleveland :  |b World,  |c [1960] 
300 |a 71 pages :  |b illustrations ;  |c 22 cm. 
336 |a text  |b txt  |2 rdacontent 
337 |a unmediated  |b n  |2 rdamedia 
338 |a volume  |b nc  |2 rdacarrier 
650 0 |a Plankton  |x Juvenile literature. 
999 |a MARS 
999 f f |s fc119bb7-850d-3931-a6ec-e90650171329  |i af962da9-fbfe-36ef-98fa-9102b448eb81  |t 0 
952 f f |p ric  |a Texas A&M University  |b Rellis Campus  |c Joint Library Facility  |d Remote Storage  |t 0  |e QH91 .M24  |h Library of Congress classification  |i unmediated -- volume  |m A14801001195 
998 f f |a QH91 .M24  |t 0  |l Remote Storage